Vũ Trung Tùy Bút

محفوظ في:
التفاصيل البيبلوغرافية
المؤلف الرئيسي: Phạm Đình Hổ
مؤلفون آخرون: Nguyễn Hữu Tiến (Dịch và chú thích), Lâm Giang (giới thiệu)
التنسيق: كتاب
اللغة:Vietnamese
منشور في: H. Văn học 2001
سلاسل:Tủ sách Văn học cổ - trung đại Việt Nam
الموضوعات:
الوسوم: إضافة وسم
لا توجد وسوم, كن أول من يضع وسما على هذه التسجيلة!
Thư viện lưu trữ: Mạng thư viện Đại học Đà Nẵng
LEADER 01268nam a2200361 4500
001 000005646
003 1792
005 20120510080538.0
008 110818s2001 viesd
020 |c 19000đ 
041 0 |a vie 
082 |a 895.9228  |b PH-H 
100 0 |a Phạm Đình Hổ 
245 0 |a Vũ Trung Tùy Bút  |c Phạm Đình Hổ ; Nguyễn Hữu Tiến dịch và chú thích; Lâm Giang giới thiệu 
260 |a H.  |b Văn học  |c 2001 
300 |a 244 tr  |c 19 cm 
490 |a Tủ sách Văn học cổ - trung đại Việt Nam 
653 |a Văn học cận đại 
653 |a Việt Nam 
653 |a Truyện lịch sử 
700 |a Nguyễn Hữu Tiến  |e Dịch và chú thích 
700 |a Lâm Giang  |e giới thiệu 
910 |a Nguyễn Thị Kim Oanh  |d 18/08/2011 
OWN |a LSP 
AVA |a UDN50  |b LSP  |d 895.9228 PH-H  |e available  |t Error 5001 Not defined in file expand_doc_bib_avail.  |f 8  |g 0  |h N  |i 0  |k 1 
999 |a From the UDN01 
AVA |a UDN50  |b LSP  |d 895.9228 PH-H  |e available  |t Error 5001 Not defined in file expand_doc_bib_avail.  |f 8  |g 0  |h N  |i 0  |k 1 
TYP |a Monograph 
TYP |a Printed language 
980 |a Mạng thư viện Đại học Đà Nẵng